| 000 | 00512nam a2200205Ia 4500 | ||
|---|---|---|---|
| 999 |
_c12312 _d12312 |
||
| 003 | 0100 | ||
| 005 | 20171018151804.0 | ||
| 008 | 130303s9999 xx 000 0 und d | ||
| 020 | _a0674445430 | ||
| 040 | _cARRUPELIB | ||
| 050 | _aHQ1206.G581982 | ||
| 100 |
_aGilligan, Carol _937217 |
||
| 245 | _aIn a different voice | ||
| 245 | _bpsychological theory and women's development | ||
| 260 | _aCambridge | ||
| 260 | _bCambridge University Press | ||
| 260 | _c1932 | ||
| 300 | _avi | ||
| 300 | _b 184p. 24cm. | ||
| 650 |
_aWomen _xPsychology _937218 |
||
| 942 |
_2lcc _cMONOGRAPH |
||